| 000 | 00794nmc a2200301 a 4500 | ||
|---|---|---|---|
| 003 | AR-BaBNM | ||
| 005 | 20251128210441.0 | ||
| 008 | 180020s1995 ||||||||||||||000 | spa|| | ||
| 020 | _a950-581-261-2 | ||
| 040 | _cAR-BaBNM | ||
| 100 | 1 | _aSasturain, Juan | |
| 245 | 1 | 0 | _aEl domicilio de la aventura |
| 260 |
_aBuenos Aires _bEdiciones Colihue _c1995 |
||
| 300 | 0 |
_a252 p. _bil. |
|
| 490 | 0 | _aSignos y cultura | |
| 650 | 4 | _aLITERATURA ARGENTINA | |
| 650 | 4 | _aCRITICA LITERARIA | |
| 650 | 4 | _aHISTORIA LITERARIA | |
| 650 | 4 | _aHUMOR LITERARIO | |
| 650 | 4 | _aPUBLICACIONES PERIODICAS POPULARES | |
| 650 | 4 | _aLITERATURA POPULAR | |
| 650 | 4 | _aESCRITORES | |
| 653 | 0 | _aHISTORIETAS | |
| 655 | _aLITERATURA | ||
| 800 | 1 |
_aRomano, Eduardo _edirector |
|
| 942 | _cBK | ||
| 998 | _cMARTIN | ||
| 999 |
_c15517 _d15517 |
||